Statistics for English Premier League Players With 50 Or More Assists

Click here to take the quiz!

General Stats

  • This quiz has been taken 5,423 times
    (3,810 since last reset)
  • The average score is 7 of 18

Answer Stats

#Player% Correct
96Frank Lampard
92%
99Steven Gerrard
90%
131Ryan Giggs
83%
99Wayne Rooney
77%
80Thierry Henry
70%
59David Silva
54%
96Cesc Fabregas
51%
56Didier Drogba
38%
59Gareth Barry
34%
73James Milner
34%
60Robin van Persie
30%
54Peter Crouch
20%
59Ashley Young
15%
57Stewart Downing
11%
50Aaron Lennon
9%
50Damien Duff
9%
51Nolberto Solano
5%
53Danny Murphy
4%

Score Distribution

Percentile by Number Answered

Percent of People with Each Score

Your Score History

You have not taken this quiz since the last reset